00547nam a2200157Ia 4500008004100000082001900041100001700060245004800077250000800125260004200133300001000175650001400185942001200199952016300211999001500374150201s2012 xx 000 0 und d a616.07bP2012M aMOHAN, HARSH aPATHOLOGY PRACTICALBOOK FOR DENTAL STUDENTS a2ND bJAYPEE MEDICAL PUBLISHERaDELHIc2012 a1-122 aPATHOLOGY 2ddccBK 00102ddc4070aFDbFDd2011-11-05eJAYPEE BROTHERS (DELHI)g495.00h1iSGTUl1o616.07 P2012MpFD6402r2019-06-27 00:00:00s2019-06-24w2013-04-24yBKk6811 c4626d4626